000 00563nam a2200205 i 4500
001 84616
003 ES-MaACL
005 20250815150617.0
007 t|
008 041123s1983 fr ||||1| fre d
020 _a2-02-006450-2
100 1 _aJankélévitch, Vladimir.
_966033
245 1 3 _aLa musique et l'ineffable /
_cVladimir Jankélévitch.
260 _aParis :
_bSeuil,
_c1983.
300 _a194 p. ;
_c21 cm.
500 _aIndice.
650 7 _aEstética musical
_2embne
_912548
852 _aES-MaACL
_jG-2636
_bR.113557
999 _c84616
_d84616